Política educativa: bases culturales /
Guardado en:
| Formato: | Libro |
|---|---|
| Publicado: |
Buenos Aires :
Ministerio de educaci¢n y justicia,
1991
|
| Materias: | |
| Etiquetas: |
Agregar Etiqueta
Sin Etiquetas, Sea el primero en etiquetar este registro!
|
| LEADER | 00504nam a22001695a 4500 | ||
|---|---|---|---|
| 001 | CEM.cems006912 | ||
| 005 | 20060214000000.0 | ||
| 008 | 130507s1991##################000#0#####d | ||
| 003 | CEMS | ||
| 082 | 0 | 4 | |a 370.982 |
| 245 | 0 | 0 | |a Política educativa: bases culturales / |
| 260 | |a Buenos Aires : |b Ministerio de educaci¢n y justicia, |c 1991 | ||
| 300 | |a 43 p. | ||
| 653 | |a Educacion | ||
| 653 | |a Educacion argentina | ||
| 653 | |a Reforma educativa | ||
| 859 | |a CEMS |b BIB. CEMS - 11 de abril |h 370.982 |i Ar37-2 |p 16451.91 |t Ej.1 | ||
